[Event "Club Championships B Grade"]
[Site "Wellington Chess Club"]
[Date "2019.09.26"]
[Round "1"]
[White "Tanoi, Edward"]
[Black "Rossiter, Philip"]
[Result "1/2-1/2"]
[WhiteElo "2016"]
[BlackElo "1886"]

1. Nf3 Nf6 2. d4 e6 3. Nc3 d5 4. Bg5 Nbd7 5. e3 Be7 6. Bd3 h6 7. Bh4 c5 8. dxc5
Nxc5 9. Bb5+ Bd7 10. O-O Bxb5 11. Nxb5 O-O 12. Bg3 a6 13. Nbd4 Rc8 14. Qe2 Nfe4
15. Ne5 Nxg3 16. hxg3 Bf6 17. Ndf3 Qe7 18. c3 Rfd8 19. Rad1 Ne4 20. Rd4 $5 {I
didn't feel  forced into playing this but I was curious to see how well Phillip
played unbalanced  positions. I plan to sacrifice the exchange in order to have
more control over the  dark squares and hope the compensation is sufficient.
Black also has an excellently  placed knight.} 20... b5 21. Rfd1 Qc7 22. Ng4
Bxd4 23. Rxd4 Qe7 24. Nge5 f6 25. Ng6 Qf7 26. Nfh4 Rc4 27. a3 Rxd4 28. exd4 Re8
29. Kh2 Nd6 30. a4 $5 {Opening up the queenside  seems like the best chance for
counterplay as Black sets himself up to storm through  the centre.} 30... e5
31. dxe5 fxe5 32. Nxe5 Qf6 (32... Nc4 33. f4 g5 {and Black is firmly  on top} )
33. f4 Nc4 34. Nhf3 bxa4 35. Qc2 (35. Qd1) 35... Re6 36. Qxa4 Nxe5 37. Nxe5
{After some inaccuracies from Black, the position is now about equal. Although
an  exchange down, White has a strong central knight on an open board with the
Black  king potentially vulnerable but it probably isn't enough.} 37... h5 38.
Qd7 Kh7 39. Qxd5 h4 40. Qe4+ Kg8 41. g4 $4 (41. Qa8+ Kh7 42. Nf3 hxg3+ 43. Kxg3
Re3 44. Qd5 Qb6 45. Qh5+ Kg8 46. Qd5+ Kh8 47. Qf5 Qxb2 48. Qc8+ Kh7 49. Qh3+
{with perpetual} ) 41... g5 $1 {oops, I'd only seen this move after I'd played
the previous one. Now I'm busted.} 42. g3 hxg3+ 43. Kg2 gxf4 44. Qa8+ Kg7 45.
Nf3 Re2+ 46. Kg1 Qb6+ 47. Nd4 Rxb2 48. Qe4 Rb1+ 49. Kg2 {(=) Draw agreed. And
with both players in bad time trouble I saved  the best move for last. Offering
Phillip a draw meant he probably relaxed too much  and although he saw} 49...
Qb2+ 50. Nc2 {he didn't see} 50... Qb7 $1 {when White has no more  tricks after
the queens are exchanged. To his credit Phillip said afterwards he  wouldn't
have found it in the remaining time. While waiting for Phillip to play  Qb7 I
offered a draw and hoped the time pressure made a difference. Part of the
problem for Black in the final position is the double edged position and
needing  to find forcing moves. As the knight is no longer pinned, it could
combine successfully  with queen and g-pawn to hunt down the exposed king.
Hence the pragmatic decision  to accept the offer (much to my relief!).}
1/2-1/2

[Event "Club Championships B Grade"]
[Site "Wellington Chess Club"]
[Date "2019.09.26"]
[Round "1"]
[White "Winfield, Alan"]
[Black "Jackson, Ross"]
[Result "0-1"]
[WhiteElo "1906"]
[BlackElo "1964"]

1. e4 c5 2. Nf3 d6 3. d3 Nc6 4. g3 g6 5. Bg2 Bg7 6. O-O Nf6 7. Re1 O-O 8. Nbd2
Bd7 9. a4 Qc8 10. Nc4 Bg4 11. Ne3 Bh5 12. Qd2 Bxf3 13. Bxf3 Nd4 14. Bg2 Ng4 15.
Qd1 Nxe3 16. Bxe3 a5 17. c3 Nc6 18. f4 e6 19. Qf3 b6 20. Rac1 Qd7 21. Bh3 Ne7
22. b3 f5 23. Bd2 Rfe8 24. Re2 b5 25. Rce1 Rab8 26. exf5 Nxf5 27. Bxf5 gxf5 28.
g4 bxa4 29. bxa4 e5 30. Qd5+ Kh8 31. fxe5 Qxa4 32. c4 Bxe5 33. gxf5 Bd4+ 34.
Be3 Rxe3 35. Rxe3 Rg8+ 36. Kf1 Bxe3 37. Rxe3 Qd1+ 38. Re1 Rg1+ 39. Kxg1 Qxe1+
40. Kg2 Qe5 41. Qa8+ Kg7 42. Qxa5 Qe2+ 43. Kg1 Qg4+ 44. Kh1 Qf3+ 45. Kg1 Qe3+
46. Kh1 Qxd3 47. Qc7+ Kf6 48. Qxh7 Qf1# 0-1

[Event "Club Championships B Grade"]
[Site "Wellington Chess Club"]
[Date "2019.10.03"]
[Round "2"]
[White "Aldridge, Alan"]
[Black "Winfield, Alan"]
[Result "0-1"]
[WhiteElo "1922"]
[BlackElo "1906"]

1. e4 d6 2. d4 Nf6 3. Nc3 Nbd7 4. f4 e5 5. Nf3 exd4 6. Qxd4 c6 7. Bc4 d5 8.
exd5 Bc5 9. Qd3 O-O 10. dxc6 bxc6 11. Ne5 Nxe5 12. fxe5 Ng4 13. Bxf7+ Kxf7 14.
Rf1+ Bf2+ 15. Rxf2+ Nxf2 16. Qxd8 Rxd8 17. Kxf2 Bf5 18. Bg5 Re8 19. Bf4 Bxc2
20. Rc1 Bf5 21. Na4 Be4 22. Nc5 Bd5 23. a3 h5 24. h4 a5 25. g3 Kg6 26. Ke3 Rab8
27. Rc2 Rb5 28. Kd4 Reb8 29. Bc1 Rf8 30. Bf4 Kf5 31. Re2 Rd8 32. Bg5 Re8 33.
Bf4 Be6 34. Rc2 Rd8+ 35. Ke3 Ba2 36. Ne4 Bb1 37. g4+ hxg4 38. Ng3+ Ke6 39.
Rxc6+ Kd5 40. Rc3 Rxb2 41. Nh5 Rd7 42. Ng3 a4 43. Ne2 Rb3 44. Rxb3 axb3 45.
Nc3+ Kc4 46. Nxb1 Rd3+ 47. Ke2 Rf3 48. Nd2+ Kc3 49. Be3 Rf8 50. Bg5 g3 51. Be3
b2 52. e6 Re8 53. Kf3 Rxe6 54. Bg5 g2 55. Kxg2 Re2+ 56. Kf3 Rxd2 0-1

[Event "Club Championships B Grade"]
[Site "Wellington Chess Club"]
[Date "2019.10.03"]
[Round "2"]
[White "Sole, Michael"]
[Black "He, Paul"]
[Result "1-0"]
[WhiteElo "2008"]
[BlackElo "1885"]

1. e4 c5 2. Nf3 d6 3. d4 cxd4 4. Nxd4 Nf6 5. Nc3 a6 6. h3 e5 7. Nde2 Be7 8. g4
Be6 9. Bg2 Nbd7 10. Ng3 O-O 11. Be3 Rc8 12. Nf5 Rc6 13. O-O Nb6 14. Nd5 Bxd5
15. exd5 Nfxd5 16. Bxd5 Nxd5 17. Qxd5 Rxc2 18. Qxb7 Bf6 19. Rac1 1-0

[Event "Club Championships B Grade"]
[Site "Wellington Chess Club"]
[Date "2019.10.10"]
[Round "3"]
[White "He, Caleb"]
[Black "Sole, Michael"]
[Result "0-1"]
[WhiteElo "1922"]
[BlackElo "2008"]

1. c4 e5 2. g3 Nf6 3. Bg2 c6 4. Nf3 e4 5. Nd4 Qb6 6. e3 d5 7. cxd5 cxd5 8. O-O
Nc6 9. Nxc6 bxc6 10. b3 Ba6 11. Re1 g6 12. Bb2 Bg7 13. Bf1 O-O 14. Nc3 Bxf1 15.
Rxf1 Qa6 16. Na4 Qc8 17. Kg2 Qf5 18. f3 Nd7 19. Bxg7 Kxg7 20. d4 exd3 21. g4
Qg5 22. Qxd3 Rfe8 23. Qd4+ f6 24. Rae1 h5 25. h3 hxg4 26. hxg4 Re7 27. Re2 Rh8
28. Rh1 Re4 29. Rxh8 Rxd4 30. exd4 Kxh8 31. Re8+ Nf8 32. Rxf8+ Kg7 33. Rc8 Qd2+
34. Kg3 Qxd4 35. Rxc6 Qe5+ 36. Kg2 d4 37. Nc5 Qe2+ 38. Kg3 d3 39. Re6 Qc2 40.
Nxd3 Qxd3 41. Re7+ Kh6 42. Rxa7 Qd6+ 43. Kg2 Kg5 44. Ra4 Kh4 45. g5+ Kxg5 46.
Kf2 Qd2+ 47. Kg3 Qe1+ 48. Kg2 f5 49. a3 Qe2+ 50. Kg1 Qxf3 51. Rb4 f4 52. a4
Qd1+ 0-1

[Event "Club Championships B Grade"]
[Site "Wellington Chess Club"]
[Date "2019.10.10"]
[Round "3"]
[White "He, Paul"]
[Black "Rossiter, Philip"]
[Result "0-1"]
[WhiteElo "1885"]
[BlackElo "1886"]

1. c4 e5 2. g3 g6 3. Bg2 Bg7 4. Nc3 Nc6 5. Nf3 Nge7 6. O-O O-O 7. Rb1 d6 8. b4
Rb8 9. d3 h6 10. a4 Be6 11. Ba3 Qd7 12. Qd2 f5 13. e3 Rbe8 14. Ne1 Rf7 15. Nd5
Nd8 16. b5 c6 17. Qa2 f4 18. Nxe7+ Qxe7 19. Nc2 Qd7 20. Rfc1 Kh7 21. Ne1 Ref8
22. Qd2 c5 23. Nc2 Bh3 24. Bb2 fxg3 25. fxg3 Rf2 26. Qxf2 Rxf2 27. Kxf2 Qf5+
28. Bf3 Bg4 29. Ne1 Ne6 30. Ke2 Ng5 31. e4 Bxf3+ 0-1

[Event "Club Championships B Grade"]
[Site "Wellington Chess Club"]
[Date "2019.10.10"]
[Round "3"]
[White "Winfield, Alan"]
[Black "Ross, Matt"]
[Result "1-0"]
[WhiteElo "1906"]
[BlackElo "1867"]

1. d4 Nf6 2. Bf4 e6 3. e3 b6 4. c3 Bb7 5. Nf3 c5 6. Nbd2 d5 7. Bd3 Ne4 8. h4
Nd7 9. Ne5 f6 10. Qh5+ Ke7 11. Qf7+ Kd6 12. Nxd7+ Kc6 13. Qxe6+ Nd6 14. Nxf8
Bc8 15. Qxd6+ Qxd6 16. Bxd6 Kxd6 17. Nxh7 c4 18. Bc2 Bd7 19. O-O-O f5 20. Ng5
Kc7 21. Nf7 Rae8 22. Ne5 Rhf8 23. Nxd7 Kxd7 24. Ba4+ Ke7 25. Bxe8 Rxe8 26. f3
b5 27. e4 fxe4 28. fxe4 Kd6 29. e5+ Kc6 30. Rdf1 a6 31. Rf7 Rg8 32. Rhf1 g6 33.
R1f6# 1-0

[Event "Club Championships B Grade"]
[Site "Wellington Chess Club"]
[Date "2019.10.17"]
[Round "4"]
[White "Aldridge, Alan"]
[Black "Sellen, Ian"]
[Result "0-1"]
[WhiteElo "1922"]
[BlackElo "2024"]

1. e4 e6 2. d4 d5 3. exd5 exd5 4. Nf3 Bg4 5. h3 Bf5 $6 {leads to a highly
dubious setup which luckily I'm allowed to extricate myself from} 6. Bd3 Ne7 $6
7. O-O Nbc6 8. Bf4 Bxd3 9. Qxd3 Qd7 10. Re1 O-O-O 11. Bh2 f6 12. a3 g5 13. Nc3
Nf5 14. b4 h5 15. b5 Na5 16. Re2 g4 17. hxg4 hxg4 18. Nd2 Rxh2 $5 (18... Bd6
{is better, although this exchange sacrifice still leaves black better} 19.
Bxd6 Qh7 20. f3 Qh1+ 21. Kf2 Qh4+ 22. g3 Qh2+ 23. Ke1 Qg1+ 24. Nf1 Nxd4 25. Bc5
Rh1 26. Rf2 Re8+ 27. Ne4 gxf3 28. Kd2 dxe4 29. Qxd4 Rd8 30. Qxd8+ Kxd8 $19) 19.
Kxh2 Qh7+ 20. Kg1 Bd6 21. Ree1 Qh2+ 22. Kf1 Qh1+ 23. Ke2 Re8+ 24. Nce4 Qxg2 25.
Kd1 dxe4 26. Nxe4 Bf4 (26... Kb8 $1 27. Nxd6 Rxe1+ 28. Kxe1 Nxd6 $19) 27. Nxf6
Rxe1+ 28. Kxe1 Nd6 29. Rb1 Nac4 30. Rd1 g3 31. Qf1 Qf3 $4 {As soon as I played
this I realized this was a terrible mistake}  (31... Qh2 32. Ng4 Qh4) 32. Rd3
$4 {Luckily for me, Alan also saw the correct continuation one move too late}
(32. Qh3+ Kb8 33. Qh8+ Nc8 34. Nd7+ Ka8 35. Qxc8#) 32... Qxf2+ $4 {A mistake,
but not bad enough to lose (unlike the last one)}  (32... Bd2+ 33. Rxd2 g2 34.
Qg1 Qc3 $1) 33. Qxf2 gxf2+ 34. Kxf2 Nxb5 35. a4 Nxd4 $1 36. Nd5 Be5 37. Ne7+
Kb8 (37... Kd7 $2 38. Nf5 c5 39. c3 $10) 38. Ng6 Nc6 39. Kf3 Bd6 40. Ke4 b6 41.
Nh8 {A somewhat comical place for the knight to end up} 41... N4e5 42. Rd5 Kb7
43. Rd1 Nb4 44. Rd2 a5 45. c3 Na6 46. Rd5 Nc5+ 47. Kf5 Nxa4 0-1

[Event "Club Championships B Grade"]
[Site "Wellington Chess Club"]
[Date "2019.10.17"]
[Round "4"]
[White "Jackson, Ross"]
[Black "He, Paul"]
[Result "1-0"]
[WhiteElo "1964"]
[BlackElo "1885"]

1. d4 Nf6 2. c4 g6 3. Nc3 d5 4. cxd5 Nxd5 5. Nf3 Bg4 6. Ne5 Nxc3 7. bxc3 Bf5 8.
Qb3 Be6 9. Qxb7 Bd5 10. Qb1 Nd7 11. Nxd7 Qxd7 12. e4 Qe6 13. f3 Bg7 14. Qb5+
Bc6 15. Qc4 Qd6 16. Be2 O-O 17. O-O Rab8 18. a4 Rfe8 19. g3 Bd7 20. Bd3 Be6 21.
d5 Bh3 22. Rf2 Qb6 23. Rb1 Qa5 24. Bd2 Rxb1+ 25. Bxb1 Rb8 26. Bd3 Bd7 27. Bc2
Rb2 28. Bc1 Rb8 29. Bf4 Qxc3 30. Qxc3 Bxc3 31. Be3 a5 32. Kg2 f6 33. Bc5 Kf7
34. f4 e5 35. fxe5 Bxe5 36. Ba3 Bd6 37. Bc1 Ke7 38. Rf3 Rb4 39. Rc3 Bxa4 40.
Ba3 Bxc2 41. Rxc2 Rxe4 42. Rxc7+ Kd8 43. Bxd6 Rd4 44. Rc5 Kd7 45. Bf4 a4 46.
Ra5 a3 47. Rxa3 1-0

[Event "Club Championships B Grade"]
[Site "Wellington Chess Club"]
[Date "2019.10.17"]
[Round "4"]
[White "Ross, Matt"]
[Black "Sole, Michael"]
[Result "0-1"]
[WhiteElo "1867"]
[BlackElo "2008"]

1. b3 d5 2. Bb2 Bg4 3. h3 Bh5 4. Nf3 Nf6 5. Ne5 Nbd7 6. g4 Nxe5 7. gxh5 Ned7 8.
Bg2 e5 9. Nc3 c6 10. e3 Bd6 11. Qe2 b5 12. h4 a5 13. a4 b4 14. Na2 Qb6 15.
O-O-O O-O-O 16. Kb1 Rhe8 17. d3 Kb8 18. Nc1 Bf8 19. Bf3 h6 20. Qd2 Nc5 21. d4
Nce4 22. Qe1 exd4 23. Rxd4 c5 24. Bxe4 cxd4 25. Bxd4 Bc5 26. Bxf6 Qxf6 27. Bd3
Bd4 28. Bb5 Bc3 29. Qg1 Re7 30. Qg3+ Be5 31. Qg2 d4 32. Rd1 Rc7 33. f4 Bd6 34.
Rxd4 Bc5 35. Rxd8+ Qxd8 36. Qxg7 Bxe3 37. Qe5 Bd4 38. Qf5 Bg7 39. Nd3 Qd4 40.
Kc1 Qe3+ 41. Kb1 Qg1+ 42. Nc1 Qd4 43. Qc8+ Rxc8 44. c3 Qxc3 45. Nd3 Qc2# 0-1

[Event "Club Championships B Grade"]
[Site "Wellington Chess Club"]
[Date "2019.10.17"]
[Round "4"]
[White "Rossiter, Philip"]
[Black "He, Caleb"]
[Result "1/2-1/2"]
[WhiteElo "1886"]
[BlackElo "1922"]

1. Nf3 c5 2. e4 Nc6 3. Bb5 g6 4. O-O Bg7 5. c3 e5 6. d4 cxd4 7. cxd4 Nxd4 8.
Nxd4 exd4 9. Bf4 Ne7 10. Na3 O-O 11. Bd6 Re8 12. Rc1 Nc6 13. Bd3 Be5 14. Bxe5
Nxe5 15. f4 Nxd3 16. Qxd3 d5 17. e5 Qb6 18. Nc2 Bf5 19. Qxd4 Bxc2 20. Qxb6 axb6
21. Rxc2 Rxa2 22. Rf3 Ra4 23. Rc7 Rb4 24. b3 Ra8 25. f5 gxf5 26. Rxf5 Rxb3 27.
Rfxf7 Ra1+ 28. Rf1 Ra2 29. Rc8+ Kg7 30. Rc7+ Kg8 31. Rc8+ Kg7 32. Rc7+ Kg8 33.
Rc8+ 1/2-1/2

[Event "Club Championships B Grade"]
[Site "Wellington Chess Club"]
[Date "2019.10.17"]
[Round "4"]
[White "Winfield, Alan"]
[Black "Tanoi, Edward"]
[Result "1-0"]
[WhiteElo "1906"]
[BlackElo "2016"]

1. d4 Nf6 2. Bf4 e6 3. e3 d5 4. c3 c5 5. Nf3 Nc6 6. Nbd2 Be7 7. Bd3 b6 8. e4
dxe4 9. Nxe4 Nxe4 $2 {I don't know what I was thinking or whether I was
thinking at all  here.} 10. Bxe4 {White is clearly better.} 10... Bd7 11. Ne5
Rc8 12. Nxd7 Qxd7 13. d5 exd5 14. Qxd5 {I was surprised Alan went in for this
line as it doesn't promise  a lot for White.} 14... Qg4 $2 (14... Qxd5 15. Bxd5
g5 16. Be3 Ne5 17. O-O-O O-O 18. Rhe1 Rfe8 19. Kb1 Ng6 {is a sample line that
promises a long grind for either player.  Much better than the line I chose but
not as interesting lol.} ) 15. Bf5 Qxf4 16. Qd7+ Kf8 17. Qxc8+ Nd8 18. O-O g6
19. Bh3 Kg7 20. Qd7 Bf6 21. Rad1 h5 22. Rfe1 Be5 23. g3 Qf6 24. Rd5 Bb8 25. Re8
Rxe8 26. Qxe8 Nc6 27. Bd7 Ne7 28. Rd3 Bd6 29. Kg2 g5 30. Bb5 Qe6 31. Qa8 h4 32.
Qf3 h3+ 33. Kf1 Ng6 34. Qd5 Be7 35. Qxe6 fxe6 36. Re3 Kf6 37. f3 Ne5 38. Ke2
Nf7 39. Kd2 Nd6 40. Bf1 b5 41. Kc2 c4 42. Bxh3 e5 43. Bg4 a5 44. h4 gxh4 45.
gxh4 b4 46. cxb4 axb4 47. Re2 Bf8 48. Rd2 Ke7 49. Rd5 Kf6 50. Ra5 Nf7 51. Ra6+
Nd6 52. Rb6 Ke7 53. Rxb4 Bh6 54. a4 Be3 55. a5 Bc5 56. Rb8 e4 57. fxe4 Nxe4 58.
a6 Nf6 59. Be2 Nd7 60. Rb7 Kd6 61. a7 Bxa7 62. Rxa7 1-0

[Event "Club Championships B Grade"]
[Site "Wellington Chess Club"]
[Date "2019.10.24"]
[Round "5"]
[White "He, Caleb"]
[Black "Jackson, Ross"]
[Result "1/2-1/2"]
[WhiteElo "1922"]
[BlackElo "1964"]

1. c4 Nf6 2. g3 e6 3. Bg2 d5 4. Nf3 Be7 5. O-O O-O 6. d3 Nc6 7. b3 e5 8. Bb2 d4
9. h3 Ne8 10. Kh2 f5 11. e3 Bf6 12. exd4 Nxd4 13. Nxd4 exd4 14. Na3 c6 15. f4
Be6 16. Qe2 Nc7 17. Nc2 Qd7 18. Qf2 Rad8 19. Rae1 Bf7 20. Bf3 Ne6 21. Bc1 Nc5
22. Rd1 h5 23. Qg2 Qc8 24. Rg1 Ne6 25. Rdf1 Kh7 26. Be2 Rh8 27. Rh1 Kg8 28. Kg1
b5 29. g4 hxg4 30. hxg4 Rxh1+ 31. Kxh1 fxg4 32. Qxg4 bxc4 33. bxc4 c5 34. f5
Nf8 35. Rg1 Be8 36. Ne1 Bc6+ 37. Bf3 Bxf3+ 38. Nxf3 Re8 39. Bg5 Bxg5 40. Nxg5
Qc6+ 41. Ne4 Qh6+ 42. Kg2 Nd7 43. Qg6 Qxg6+ 44. fxg6 Ne5 45. Nxc5 Nxg6 1/2-1/2

[Event "Club Championships B Grade"]
[Site "Wellington Chess Club"]
[Date "2019.10.24"]
[Round "5"]
[White "He, Paul"]
[Black "Aldridge, Alan"]
[Result "1-0"]
[WhiteElo "1885"]
[BlackElo "1922"]

1. c4 e5 2. g3 Nf6 3. Bg2 c6 4. d3 d5 5. cxd5 Nxd5 6. Nf3 Bb4+ 7. Nbd2 Qe7 8.
O-O Bg4 9. a3 Bc5 10. Re1 Nd7 11. b4 Bb6 12. Bb2 O-O 13. Rc1 a5 14. e4 Nc7 15.
Qb3 Be6 16. Nc4 Bxf2+ 17. Kxf2 b5 18. Nfxe5 Nxe5 19. Bxe5 bxc4 20. dxc4 Bxc4
21. Qb2 Bb5 22. Bxg7 Rfd8 23. Bf6 Qe8 24. Bxd8 Qxd8 25. Red1 Qg5 26. Rc5 Qg4
27. Bf3 Qh3 28. Rg5+ Kf8 29. Qh8+ Ke7 30. Qe5+ Ne6 31. Qd6+ Ke8 32. Rg8+ 1-0

[Event "Club Championships B Grade"]
[Site "Wellington Chess Club"]
[Date "2019.10.24"]
[Round "5"]
[White "Sellen, Ian"]
[Black "Winfield, Alan"]
[Result "1/2-1/2"]
[WhiteElo "2024"]
[BlackElo "1906"]

1. c4 e5 2. Nc3 f5 3. g3 Nf6 4. Bg2 Be7 5. d4 d6 6. e3 c6 7. Nge2 O-O 8. O-O
Na6 9. Rb1 Nc7 10. Qc2 Qe8 11. dxe5 dxe5 12. e4 Qh5 13. b4 f4 14. gxf4 Bh3 15.
Ng3 Qh4 16. Nf5 Bxf5 17. exf5 exf4 18. f3 Rad8 19. Ne2 Nh5 20. Bd2 Qg5 21. Nc3
Qxf5 22. Ne4 Bf6 23. Nxf6+ Rxf6 24. Qxf5 Rxf5 25. Bc3 Rff8 {Draw agreed}
1/2-1/2

[Event "Club Championships B Grade"]
[Site "Wellington Chess Club"]
[Date "2019.10.24"]
[Round "5"]
[White "Sole, Michael"]
[Black "Rossiter, Philip"]
[Result "1/2-1/2"]
[WhiteElo "2008"]
[BlackElo "1886"]

1. e4 e6 2. d4 d5 3. Nd2 dxe4 4. Nxe4 Bd7 5. Nf3 Bc6 6. Bd3 Nd7 7. Qe2 Ngf6 8.
Nc3 Be7 9. Bf4 O-O 10. O-O-O Bxf3 11. Qxf3 c6 12. h4 Nd5 13. Bd2 N7f6 14. Kb1
Nb4 15. Ne4 Nxd3 16. Qxd3 Nxe4 17. Qxe4 Qb6 18. c3 1/2-1/2

[Event "Club Championships B Grade"]
[Site "Wellington Chess Club"]
[Date "2019.10.24"]
[Round "5"]
[White "Tanoi, Edward"]
[Black "Ross, Matt"]
[Result "1-0"]
[WhiteElo "2016"]
[BlackElo "1867"]

1. d4 Nf6 2. Nf3 b6 3. e3 e6 4. Bd3 Bb7 5. Nbd2 c5 6. O-O Qc7 7. b3 cxd4 8.
exd4 Bd6 9. Bb2 Ng4 10. h3 $1 {Black's last move looks threatening but
shouldn't be sound  if White plays correctly.} 10... h5 $5 {Black refuses to be
scared off and increases the  tension. I felt that taking the knight was
probably winning but I also thought Black  gets a lot of initiative when I
might have to give the piece back in a position  where I would have less
control.} 11. Re1 {After 10 minutes I decided I didn't need  to do anything
committal and could increase my positional advantage and complete  my
development.} 11... Na6 (11... Nxf2 12. Kxf2 Bg3+ 13. Kg1 Bxe1 {was what Matt
considered  but this gives up too much material for no discernable
compensation.} 14. Qxe1 Nc6 15. d5 Nb4 16. Ne4 Nxd3 17. cxd3 O-O 18. Nf6+ $1
gxf6 19. Qh4 e5 20. Qxf6 Qd8 21. Qf5 {and Black will perish on the dark
squares.} ) 12. Ne5 Nxe5 13. dxe5 Be7 14. c4 Nb4 15. Be4 Bh4 16. Nf3 Bxe4 17.
Rxe4 Be7 18. Qd2 Qb7 19. Rd4 Rd8 {Black's backward  d-pawn cramps his
counterplay. White slowly squeezes the position tightly shut.} 20. a3 Nc6 21.
Rd3 a6 22. Rd1 Qc7 23. Qf4 f5 {opening up new weaknesses on the kingside  but
probably the best strategy. Black effectively has no moves in the centre and
queenside.} 24. Qg3 Kf7 25. Ng5+ Bxg5 {Black probably didn't want to give up
the  bishop but leaving the knight to create tactical opportunities was not an
option  either.} 26. Qxg5 Ne7 27. a4 $1 {the bishop has done a sterling job
throughout the  game and now seeks a new diagonal.} 27... a5 28. Ba3 Nc6 29.
Bd6 {taking full advantage  of the weakest square on the board. The end is not
far away.} 29... Qb7 30. Rg3 Rh7 31. Rd4 $1 Qc8 (31... Nxd4 32. Qe7+ Kg8 33.
Qxd8+ Kf7 34. Qf8#) 32. Qg6+ Kg8 33. Rh4 f4 34. Rxf4 Nxe5 35. Bxe5 Qxc4 36.
Qf7+ Kh8 37. Bxg7+ {the bishop appropriately  takes part in the last rites.}
37... Rxg7 38. Qxg7# 1-0

[Event "Club Championships B Grade"]
[Site "Wellington Chess Club"]
[Date "2019.10.31"]
[Round "6"]
[White "Aldridge, Alan"]
[Black "He, Caleb"]
[Result "0-1"]
[WhiteElo "1964"]
[BlackElo "1922"]

1. d4 Nf6 2. c4 g6 3. Nc3 d5 4. cxd5 Nxd5 5. e4 Nxc3 6. bxc3 Bg7 7. Bc4 O-O 8.
Ne2 c5 9. O-O e6 10. Be3 cxd4 11. cxd4 Nc6 12. Qd2 Na5 13. Bd3 b6 14. Bh6 Bxh6
15. Qxh6 Bb7 16. f4 f5 17. d5 Rc8 18. Rac1 Qd7 19. Rfd1 fxe4 20. Bxe4 exd5 21.
Nc3 Qf7 22. Bxd5 Bxd5 23. Rxd5 Rxc3 24. Rxc3 Qxd5 25. Rc7 Qd4+ 26. Kf1 Rxf4+
0-1

[Event "Club Championships B Grade"]
[Site "Wellington Chess Club"]
[Date "2019.10.31"]
[Round "6"]
[White "Ross, Matt"]
[Black "Rossiter, Philip"]
[Result "1-0"]
[WhiteElo "1867"]
[BlackElo "1886"]

1. c4 e5 2. g3 Nc6 3. Nc3 g6 4. Bg2 Bg7 5. Nf3 Nge7 6. d3 d6 7. Bd2 O-O 8. a3
h6 9. b4 Be6 10. b5 Nd4 11. e3 Nxf3+ 12. Qxf3 c6 13. a4 Rb8 14. e4 Qd7 15. O-O
c5 16. Qd1 f5 17. Qc1 Kh7 18. f4 fxe4 19. Bxe4 Nf5 20. Rb1 Nd4 21. Kh1 Bh3 22.
Rf2 Ne6 23. Nd5 exf4 24. Nxf4 Nxf4 25. Rxf4 Rxf4 26. Bxf4 Re8 27. a5 Bf5 28.
Qc2 Bxe4+ 29. dxe4 Qg4 30. Re1 Be5 31. Qe2 Qe6 32. Qd3 Kg7 33. Kg2 Bd4 34. h4
Rf8 35. Qd2 g5 36. hxg5 hxg5 37. Be3 Qxe4+ 38. Kg1 Qg4 39. Bxd4+ cxd4 40. Re7+
Rf7 41. Rxf7+ Kxf7 42. Qd3 Kf6 43. Kg2 Ke5 44. Kh2 Qe4 45. Qd2 Qe3 46. Qb2 Kf5
47. a6 b6 48. Qb1+ d3 49. Qf1+ Ke5 50. Qf8 d2 51. Qe7+ Kd4 52. Qxd6+ Ke4 53.
Qd5# 1-0

[Event "Club Championships B Grade"]
[Site "Wellington Chess Club"]
[Date "2019.10.31"]
[Round "6"]
[White "Tanoi, Edward"]
[Black "Sellen, Ian"]
[Result "0-1"]
[WhiteElo "2016"]
[BlackElo "2024"]

1. d4 d5 2. Nf3 Nf6 3. e3 Bf5 4. c4 c6 5. Nc3 e6 6. Be2 Nbd7 7. O-O Bd6 8. Nh4
Bg6 9. g3 Ne4 10. cxd5 Nxc3 11. bxc3 cxd5 12. c4 dxc4 13. Bxc4 Be4 14. Qg4 Nf6
15. Bb5+ Ke7 16. Qe2 a6 17. Bd3 Qa5 18. f3 Bxd3 19. Qxd3 Rhd8 20. Bd2 Qh5 21.
Rab1 Rd7 22. Ng2 Kf8 23. e4 Kg8 24. Qe3 e5 25. d5 Rc8 26. Rfc1 Rdc7 27. Rxb7
Rxc1+ 28. Bxc1 Qh3 29. Ba3 Rc2 30. Ne1 Rxh2 31. g4 Qg3+ 32. Kf1 Rh1+ 33. Ke2
Rxe1+ 34. Kd3 Rxe3+ 35. Kxe3 Qe1+ 36. Kd3 Bxa3 37. Rb8+ Bf8 0-1

[Event "Club Championships B Grade"]
[Site "Wellington Chess Club"]
[Date "2019.11.07"]
[Round "7"]
[White "He, Caleb"]
[Black "Winfield, Alan"]
[Result "1/2-1/2"]
[WhiteElo "1922"]
[BlackElo "1906"]

1. c4 f5 2. g3 Nf6 3. Bg2 e6 4. e3 Be7 5. Ne2 O-O 6. O-O d6 7. Nbc3 Nbd7 8. d4
e5 9. Nd5 c6 10. Nxe7+ Qxe7 11. dxe5 dxe5 12. b3 Rd8 13. Qc2 Nf8 14. Bb2 Ng6
15. Rad1 Be6 16. f3 Rxd1 17. Rxd1 Rd8 18. Kf2 Rd7 19. Nc3 Qd8 20. Bh3 Rxd1 21.
Qxd1 Qxd1 22. Nxd1 Kf7 23. Ba3 Ne8 24. Nc3 Nf8 25. Bxf8 Kxf8 26. e4 g6 27. exf5
gxf5 28. g4 fxg4 29. Bxg4 Ke7 30. Ke3 Bxg4 31. fxg4 h6 32. Ne4 b6 33. Kf3 Ng7
34. Ng3 Kf6 35. Ne4+ Ke7 36. Ng3 Kf6 37. Ne4+ 1/2-1/2

[Event "Club Championships B Grade"]
[Site "Wellington Chess Club"]
[Date "2019.11.07"]
[Round "7"]
[White "Sellen, Ian"]
[Black "Ross, Matt"]
[Result "1-0"]
[WhiteElo "2024"]
[BlackElo "1867"]

1. c4 c6 2. d4 Nf6 3. Nc3 e6 4. e4 c5 5. d5 Qa5 6. Bd3 d6 7. Ne2 Na6 8. O-O e5
9. f4 Nb4 10. fxe5 dxe5 11. Ng3 Nxd3 12. Qxd3 a6 13. Bg5 Nh5 14. Nxh5 Bd7 15.
Qf3 f5 16. Nxg7+ Bxg7 17. Qh5+ Kf8 18. exf5 Be8 19. Qh4 h6 20. f6 hxg5 21.
fxg7+ Kxg7 22. Qxg5+ Kh7 23. Rf6 Qb6 24. Qh6+ Kg8 25. Rf8# 1-0